El niño que quería ser Tintín / (Registro nro. 12099)

Detalles MARC
000 -LIDER
fixed length control field 00883nam a22002777a 4500
001 - NÚMERO DE CONTROL
Identificador de número de control 000742
003 - IDENTIFICACDOR DE NÚMERO DE CONTROL
control field DO-SdBNP
005 - DATE AND TIME OF LATEST TRANSACTION
control field 20180209114834.0
007 - CAMPOS FIJOS DE DESCRIPCIÓN FÍSICA
fixed length control field 000742
008 - ELEMENTOS DE LONGITUD FIJA
fixed length control field 161125b 1998 sp a ||||| |||| 00| 0 spa d
020 ## - ISBN
International Standard Book Number 8434855054
040 ## - FUENTE DE CATALOGACIÓN
Agencia que crea de manera original el registro BPMSU
Idioma de catalogación spa
Agencia que realiza la transcripción BPMSU
100 1# - ASIENTO PRINCIPAL -- NOMBRE PERSONAL
Nombre personal García-Clairac, Santiago,
Fechas asociadas con el nombre 1944-
245 10 - MENCIÓN DE TITULO
Título El niño que quería ser Tintín /
Mención de responsabilidad Santiago García-Clairac ; ilustraciones, Francesc Infante.
250 ## - MENCIÓN DE EDICION
Mención de edición 3ª ed.
260 ## - PUBLICACIÓN, DISTRIBUCIÓN, ETC. (PIE DE IMPRENTA)
Lugar de publicación, distribución, etc Madrid :
Nombre del editor, distribuidor, etc. SM,
Fecha de publicación, distribución, etc 1998.
300 ## - DESCRIPCIÓN FÍSICA
Extensión 103 p. :
Otros detalles físicos il. ;
Dimensiones 19 cm.
490 1# - MENCIÓN DE SERIES
Mención de serie Barco de vapor. Serie naranja
Volume/sequential designation 105
500 ## - NOTA GENERAL
Nota general Para niños a partir de 9 años.
500 ## - NOTA GENERAL
Nota general Incluye datos del autor
700 1# - ASIENTO SECUNDARIO -- NOMBRE PERSONAL
Nombre personal Infante, Francesc,
Mención de responsabilidad il.
830 #0 - ASIENTO SECUNDARIO DE SERIE--TÍTULO UNIFORME
Título uniforme Barco de vapor. Serie naranja ;
Volume number/sequential designation 123
942 ## - ADDED ENTRY ELEMENTS (KOHA)
Source of classification or shelving scheme Dewey Decimal Classification
Koha item type Libros
945 ## - INFORMACIÓN DE PROCESAMIENTO LOCAL
Información de procesamiento local Inventariado, 2018/MFF
956 ## - LOCAL ELECTRONIC LOCATION AND ACCESS (OCLC)
Método de acceso LOPEREZ
Materiales especificados 10
Enlace 20161125
Campo enlazado y núm. de secuencia BPMSU
Nombre de host 00041
Existencias
Withdrawn status Lost status Source of classification or shelving scheme Damaged status Not for loan Collection code Home library Current library Date acquired Source of acquisition Total Checkouts Barcode Date last seen Price effective from Koha item type
    Dewey Decimal Classification     Colección Infantil General Biblioteca Pública Metropolitana Salomé Ureña Biblioteca Pública Metropolitana Salomé Ureña 11/25/2016 FUNDI   BPMSU16111553 11/25/2016 11/25/2016 Libros